00463nam a22001457a 450000500170000000800410001702200130005804100130007108200140008410000370009824500680013526000600020330000280026365000260029120231127065909.0231127b |||||||| |||| 00| 0 eng d a09337806 aEnglish  a340.5 BEC aBecker, H and Hinz MO lEnglish  aMarriage and Customary Law in Namibia / cH Becker and MO Hinz  aWindhoek : bCentre for Applied Social Sciences, c1995 b141 pages ; c30,3 cm.  aLegal practice bLaw